Communications of the ACM a Publication of the Association for Computing Machinery
Enregistré dans:
| Format: | Publication en série |
|---|---|
| Langue: | anglais |
| Publié: |
New York
Association for Computing Machinery
|
| Tags: |
Pas de tags, Soyez le premier à ajouter un tag!
|
MARC
| LEADER | 00000nas1a2200000 4500 | ||
|---|---|---|---|
| 001 | 0009269 | ||
| 005 | 20250730114819.0 | ||
| 022 | |a 0001-0782 | ||
| 022 | |a 1557-7317 | ||
| 041 | 0 | |a eng | |
| 044 | |a US | ||
| 245 | 1 | 0 | |a Communications of the ACM |b a Publication of the Association for Computing Machinery |
| 264 | 1 | |a New York |b Association for Computing Machinery | |